00950cam a2200253 a 450000500170000000800410001702000150005804100080007310000220008124500970010325000530020026000570025330000220031050001520033265300220048465300260050665300160053265300330054865300320058165300190061365300150063265300230064765300260067020240614133314.0100805s2004||||ag | |||| 00| 0 spa d a9871105258 aspa1 aFoucault, Michel. 3aEl nacimiento de la clínica.bUna arqueología de la mirada médica / cMichel Foucault a1a ed. 1a reimp.bTraducción Francisca Perujo. aBuenos Aires: bSiglo XXI editores Argentina;c2004. a293 p.c21x14 cm. aFoucault, M. (2004). El nacimiento de la clínica. Una arqueología de la mirada médica. (1a ed.). Buenos Aires : Siglo XXI editores Argentina. aEspacios y clases aConciencia política aCampo libre aAntigüedad en la clínica aLección de los hospitales aSignos y casos aVer, saber aInvisible, visible aCrisis de las fiebres